[Event "Grand Pacific op"]
[Site "Victoria CAN"]
[Date "2014.04.19"]
[Round "2.4"]
[White "Chan, James"]
[Black "Berry, Jonathan"]
[Result "0-1"]
[WhiteElo "2080"]
[BlackElo "2302"]
[PlyCount "36"]
[EventDate "2014.04.18"]
[EventType "swiss"]
[EventRounds "6"]
[EventCountry "CAN"]

1. e4 c6 2. d4 d5 3. e5 c5 4. dxc5 Nc6 5. a3 Nxe5 6. Nf3 Nxf3+ 7. Qxf3 e6 8. b4
Qf6 9. Qxf6 Nxf6 10. Bb2 Bd7 11. Nd2 Be7 12. Bd3 O-O 13. O-O b6 14. cxb6 axb6
15. c4 Rfd8 16. Rfd1 Ba4 17. Be2 Bxd1 18. Bxd1 Bxb4 0-1

[Event "Grand Pacific op"]
[Site "Victoria CAN"]
[Date "2014.04.19"]
[Round "2.6"]
[White "Wu, Ruining (Ray)"]
[Black "Cheng, Jack"]
[Result "1-0"]
[WhiteElo "2050"]
[BlackElo "2259"]
[PlyCount "95"]
[EventDate "2014.04.18"]
[EventType "swiss"]
[EventRounds "6"]
[EventCountry "CAN"]

1. d4 Nf6 2. c4 g6 3. g3 Bg7 4. Bg2 O-O 5. Nc3 d6 6. Nf3 Nbd7 7. O-O e5 8. e4
a6 9. Qc2 c6 10. Rd1 Qe7 11. b3 b5 12. Ba3 Ne8 13. Rac1 Bb7 14. dxe5 Nxe5 15.
Nxe5 Qxe5 16. Qd3 c5 17. Bb2 bxc4 18. Qxc4 Rd8 19. Rc2 Qe6 20. Nd5 Bxb2 21.
Rxb2 Bxd5 22. exd5 Qf6 23. Re2 Nc7 24. b4 Nb5 25. Re3 Rc8 26. a4 Nd4 27. bxc5
dxc5 28. Bh3 Rce8 29. Rxe8 Rxe8 30. Qxc5 Ne2+ 31. Kg2 Nc3 32. Qd4 Qxd4 33. Rxd4
Rd8 34. d6 f5 35. g4 Ne2 36. Rd2 Nf4+ 37. Kg3 Nxh3 38. Kxh3 fxg4+ 39. Kxg4 Kf7
40. Kg5 Kg7 41. d7 a5 42. Rd6 h6+ 43. Kf4 Kf7 44. Ke5 h5 45. Kd5 g5 46. Kc6 Ke7
47. Kc7 g4 48. Re6+ 1-0

[Event "Grand Pacific op"]
[Site "Victoria CAN"]
[Date "2014.04.19"]
[Round "2.7"]
[White "Kagaoan, Jose"]
[Black "Villavieja, Butch"]
[Result "0-1"]
[WhiteElo "2003"]
[BlackElo "2236"]
[PlyCount "126"]
[EventDate "2014.04.18"]
[EventType "swiss"]
[EventRounds "6"]
[EventCountry "CAN"]

1. d4 Nf6 2. c4 g6 3. Nc3 Bg7 4. e4 d6 5. f3 O-O 6. Nge2 Nbd7 7. Be3 c5 8. Qd2
a6 9. a4 Qa5 10. g4 Rb8 11. Ng3 cxd4 12. Bxd4 Ne5 13. Be2 Be6 14. g5 Nfd7 15.
f4 Nc6 16. Bxg7 Kxg7 17. Bd3 Qc5 18. Qf2 Nb4 19. Bf1 Rfc8 20. b3 Qa5 21. Qd2
Kg8 22. Be2 Bh3 23. Nd5 Nc2+ 24. Kd1 Qxd2+ 25. Kxd2 Nxa1 26. Nxe7+ Kf8 27. Nxc8
Nxb3+ 28. Kc3 Rxc8 29. Kxb3 Nc5+ 30. Kb4 Ne6 31. Rd1 Nxf4 32. Rxd6 Nxe2 33.
Nxe2 Bf1 34. Rd2 b6 35. Rc2 Rc5 36. h4 a5+ 37. Kb3 Kg7 38. Ng3 Bh3 39. Kc3 Bd7
40. Kb3 Be6 41. Nf1 h6 42. Ne3 hxg5 43. hxg5 b5 44. axb5 Rxb5+ 45. Ka4 Rxg5 46.
c5 Re5 47. Kxa5 Rxe4 48. Rc3 f5 49. c6 f4 50. Nf1 Rc4 51. Rxc4 Bxc4 52. c7 Be6
53. Kb4 Kf6 54. Kc5 Ke5 55. Nd2 Bc8 56. Nc4+ Ke6 57. Nb6 Bb7 58. Kd4 g5 59.
c8=Q+ Bxc8 60. Nxc8 Kf5 61. Nd6+ Kg4 62. Ne4 Kh4 63. Ke5 f3 0-1

[Event "Grand Pacific op"]
[Site "Victoria CAN"]
[Date "2014.04.19"]
[Round "2.10"]
[White "Kostadinov, Georgi"]
[Black "Lampman, Becca"]
[Result "0-1"]
[WhiteElo "2225"]
[BlackElo "1995"]
[PlyCount "132"]
[EventDate "2014.04.18"]
[EventType "swiss"]
[EventRounds "6"]
[EventCountry "CAN"]

1. d4 Nf6 2. c4 g6 3. Nc3 Bg7 4. e4 d6 5. h3 O-O 6. Nf3 e5 7. d5 a5 8. Bg5 Na6
9. Bd3 Qe8 10. Qd2 Nh5 11. Bh6 Nc5 12. Bc2 f5 13. O-O-O fxe4 14. Nxe4 Nxe4 15.
Bxe4 Qa4 16. Kb1 Qxc4 17. Rhe1 Qb5 18. Rc1 Qd7 19. Bxg7 Qxg7 20. Ng5 Nf6 21.
Bd3 Kh8 22. Ne6 Bxe6 23. dxe6 c6 24. f4 exf4 25. Qxf4 Qe7 26. Qd4 Rae8 27. g4
Kg8 28. Rcd1 d5 29. Qe5 Rd8 30. g5 Ne8 31. h4 Ng7 32. Rd2 Rd6 33. Rde2 Re8 34.
Qc3 b6 35. b4 axb4 36. Qxb4 c5 37. Qb2 Rf8 38. Re5 Rf4 39. Qa3 Rxh4 40. Rf1
Rb4+ 41. Kc2 Rd8 42. Rf7 Qd6 43. Re2 Nxe6 44. Qa7 c4 45. Bxg6 hxg6 46. Rh7 Qf8
47. Reh2 Qf5+ 48. Kc3 d4+ 49. Kxb4 Qc5+ 50. Ka4 b5+ 51. Ka5 Qa3+ 52. Kxb5 Qxa7
53. Rxa7 d3 54. Rah7 c3 55. Rh8+ Kf7 56. Rf2+ Ke7 57. Rh7+ Kd6 58. Kc4 c2 59.
Rh1 Ke7 60. Rd2 Nf4 61. Re1+ Kf7 62. Rf1 Ke6 63. Kc3 Ne2+ 64. Kb2 Rb8+ 65. Ka1
Nc3 66. Rf6+ Ke7 0-1

[Event "Grand Pacific op"]
[Site "Victoria CAN"]
[Date "2014.04.19"]
[Round "2.13"]
[White "Yoos, John"]
[Black "Talyansky, Seth"]
[Result "1-0"]
[WhiteElo "2394"]
[BlackElo "1496"]
[PlyCount "63"]
[EventDate "2014.04.18"]
[EventType "swiss"]
[EventRounds "6"]
[EventCountry "CAN"]

1. e4 e5 2. f4 d5 3. exd5 exf4 4. Nf3 Nf6 5. Bb5+ Bd7 6. Bc4 Bd6 7. Qe2+ Qe7 8.
Qxe7+ Kxe7 9. d4 Re8 10. O-O Bf5 11. Bb3 Kf8 12. c4 b6 13. Nc3 Nbd7 14. Nb5 Bd3
15. Nxd6 cxd6 16. Bxf4 Bxf1 17. Bxd6+ Kg8 18. Rxf1 Re2 19. Ba3 Rc8 20. Bd1 Re4
21. b3 b5 22. Bc2 Re2 23. Bd3 Rxa2 24. Bc1 Re8 25. d6 bxc4 26. bxc4 Ne4 27. Bf4
Ra3 28. Rd1 Ndf6 29. Be5 Nc3 30. Re1 Ncd5 31. cxd5 Rxd3 32. Bxf6 1-0

[Event "Grand Pacific op"]
[Site "Victoria CAN"]
[Date "2014.04.19"]
[Round "3.2"]
[White "Berry, Jonathan"]
[Black "Moore, Harry"]
[Result "1-0"]
[WhiteElo "2302"]
[BlackElo "2215"]
[PlyCount "77"]
[EventDate "2014.04.18"]
[EventType "swiss"]
[EventRounds "6"]
[EventCountry "CAN"]

1. Nf3 Nf6 2. g3 d5 3. Bg2 c6 4. O-O Bf5 5. d3 e6 6. b3 Be7 7. Bb2 h6 8. Nbd2
O-O 9. e3 a5 10. a3 Bh7 11. Qe2 Qb6 12. e4 Na6 13. Ne5 Nc5 14. Bd4 Qc7 15. f4
Ncd7 16. g4 dxe4 17. Nxe4 Nxe4 18. dxe4 c5 19. Nxd7 Qxd7 20. Bc3 a4 21. f5 exf5
22. gxf5 axb3 23. cxb3 Bg5 24. a4 c4 25. Rfd1 Qe7 26. Qxc4 Rac8 27. Qb4 Be3+
28. Kh1 Bc5 29. Qb5 Bd6 30. e5 Rxc3 31. exd6 Qg5 32. d7 Rc2 33. Bxb7 Bxf5 34.
d8=Q Rxh2+ 35. Kxh2 Qf4+ 36. Kg2 Qg4+ 37. Kf2 Rxd8 38. Rxd8+ Kh7 39. Qc4 1-0

[Event "Grand Pacific op"]
[Site "Victoria CAN"]
[Date "2014.04.19"]
[Round "3.4"]
[White "Villavieja, Butch"]
[Black "Wu, Ruining (Ray)"]
[Result "1/2-1/2"]
[WhiteElo "2236"]
[BlackElo "2050"]
[PlyCount "106"]
[EventDate "2014.04.18"]
[EventType "swiss"]
[EventRounds "6"]
[EventCountry "CAN"]

1. e4 c6 2. d4 d5 3. e5 Bf5 4. Nf3 e6 5. Be2 c5 6. O-O Nc6 7. Be3 cxd4 8. Nxd4
Nxd4 9. Bxd4 Ne7 10. Nd2 Nc6 11. Nb3 Be7 12. c3 O-O 13. Bd3 Bxd3 14. Qxd3 Qc7
15. Rae1 a6 16. Kh1 Na5 17. f4 Qc4 18. Qd1 Nc6 19. a3 Nxd4 20. Nxd4 Bc5 21. f5
Bxd4 22. cxd4 exf5 23. Rxf5 Rac8 24. Ref1 Qc6 25. Qf3 Qg6 26. h3 Qe6 27. b3 Rc6
28. Kh2 Rc2 29. Qg3 Rc6 30. Qh4 Qd7 31. Rh5 h6 32. Rhf5 Rg6 33. Qh5 Qe6 34. Qf3
Qd7 35. Rf2 Qe6 36. g4 Qd7 37. h4 Qe7 38. Kh3 Qd7 39. Qf4 Rc6 40. Rf3 g6 41.
Rf6 h5 42. Rxc6 bxc6 43. Kg3 Qxg4+ 44. Qxg4 hxg4 45. Kxg4 Rb8 46. Kg5 Kg7 47.
Rc3 a5 48. Rxc6 Rxb3 49. Rc5 Rxa3 50. Rxd5 Rd3 51. Rd8 a4 52. d5 a3 53. d6 Rd5
1/2-1/2

[Event "Grand Pacific op"]
[Site "Victoria CAN"]
[Date "2014.04.19"]
[Round "3.5"]
[White "McLaren, Brian"]
[Black "Yoos, John"]
[Result "0-1"]
[WhiteElo "2102"]
[BlackElo "2394"]
[PlyCount "65"]
[EventDate "2014.04.18"]
[EventType "swiss"]
[EventRounds "6"]
[EventCountry "CAN"]

1. Nf3 d6 2. e4 c5 3. Bc4 Nc6 4. O-O Nf6 5. Re1 Bg4 6. h3 Bh5 7. c3 e6 8. d3
Be7 9. Bf4 O-O 10. Nbd2 a6 11. a4 Nd7 12. g4 Bg6 13. Qe2 Nde5 14. Ba2 Bf6 15.
Red1 Rc8 16. Nc4 Nxf3+ 17. Qxf3 Be5 18. Qg3 Qc7 19. a5 Kh8 20. Bb3 f5 21. exf5
exf5 22. g5 Rce8 23. Ba4 Re7 24. Bxc6 bxc6 25. d4 cxd4 26. cxd4 Bxf4 27. Qxf4
Bf7 28. Ne3 Bh5 29. f3 Qb7 30. Nc4 Qb3 31. Rdc1 Re2 32. Rc3 Qb5 33. Qxd6 0-1

[Event "Grand Pacific op"]
[Site "Victoria CAN"]
[Date "2014.04.19"]
[Round "3.6"]
[White "Sohal, Tanraj"]
[Black "Richardson, Ross"]
[Result "1-0"]
[WhiteElo "2355"]
[BlackElo "1990"]
[PlyCount "99"]
[EventDate "2014.04.18"]
[EventType "swiss"]
[EventRounds "6"]
[EventCountry "CAN"]

1. d4 Nf6 2. c4 c5 3. d5 e5 4. Nc3 d6 5. e4 Be7 6. g3 O-O 7. Bg2 Ne8 8. Nge2
Na6 9. O-O Nac7 10. a3 a6 11. b4 b5 12. a4 cxb4 13. Na2 Bd7 14. Be3 b3 15. Qxb3
bxa4 16. Qa3 a5 17. Nec3 f5 18. exf5 Bxf5 19. Nxa4 Ra6 20. Rad1 Bg5 21. Bxg5
Qxg5 22. f4 Qf6 23. N2c3 h5 24. c5 h4 25. Nb2 hxg3 26. hxg3 exf4 27. Rxf4 Qg5
28. Rdf1 Rf6 29. Nc4 Bd3 30. Nxd6 Bxf1 31. Nce4 Qe5 32. Nxf6+ Nxf6 33. Bxf1 Ra8
34. Nc4 Qe1 35. d6 Ncd5 36. Rf3 Ne4 37. Qd3 Nb4 38. Qd4 Nxg3 39. Qg4 Nxf1 40.
Rxf1 Qc3 41. Rf3 Qc1+ 42. Kg2 Qc2+ 43. Rf2 Qc3 44. d7 Rd8 45. Qe6+ Kh7 46. Ne5
Qxc5 47. Qg6+ Kg8 48. Qe8+ Kh7 49. Qxd8 Qxe5 50. Qh4+ 1-0

[Event "Grand Pacific op"]
[Site "Victoria CAN"]
[Date "2014.04.19"]
[Round "3.7"]
[White "Doknjas, Joshua"]
[Black "Rohonyan, Katerina"]
[Result "0-1"]
[WhiteElo "2004"]
[BlackElo "2351"]
[PlyCount "86"]
[EventDate "2014.04.18"]
[EventType "swiss"]
[EventRounds "6"]
[EventCountry "CAN"]

1. e4 g6 2. Nf3 Bg7 3. d4 d6 4. Nc3 Nf6 5. h3 O-O 6. Be3 a6 7. a4 b6 8. Be2 Bb7
9. Nd2 Nbd7 10. O-O e6 11. f4 c5 12. Bf3 Ng4 13. hxg4 cxd4 14. Nc4 dxc3 15. b4
d5 16. exd5 Bxd5 17. Bxd5 exd5 18. Qxd5 Qc7 19. a5 b5 20. Nb6 Rad8 21. Nxd7
Rxd7 22. Qf3 Qc4 23. Kh1 Qxb4 24. Qc6 Qe7 25. Bc5 Qh4+ 26. Kg1 Rd2 27. Qxa6
Rxc2 28. Qxb5 Qxg4 29. Bf2 Rxf2 30. Rxf2 Bd4 31. a6 Qxf4 32. Qe2 Kg7 33. a7 Ra8
34. Kf1 Bxf2 35. Qxf2 Qc4+ 36. Kg1 c2 37. Rc1 Qa4 38. Kh1 Rxa7 39. Rxc2 Qa1+
40. Kh2 Ra5 41. g4 h5 42. Rb2 hxg4 43. Qd4+ Kh7 0-1

[Event "Grand Pacific op"]
[Site "Victoria CAN"]
[Date "2014.04.19"]
[Round "3.8"]
[White "Yu, Rinna"]
[Black "Wu, Howard"]
[Result "0-1"]
[WhiteElo "1591"]
[BlackElo "2236"]
[PlyCount "130"]
[EventDate "2014.04.18"]
[EventType "swiss"]
[EventRounds "6"]
[EventCountry "CAN"]

1. e4 c5 2. Nc3 Nc6 3. g3 g6 4. Bg2 Bg7 5. d3 d6 6. Nf3 Nf6 7. h3 O-O 8. Be3 e5
9. O-O Nd4 10. Kh2 Bd7 11. Ne2 Bc6 12. c3 Nxf3+ 13. Bxf3 c4 14. Qc2 cxd3 15.
Qxd3 d5 16. exd5 Bxd5 17. Bxd5 Qxd5 18. Qc2 Qf3 19. Ng1 Qc6 20. Rad1 Nd5 21.
Bc1 Rad8 22. Qb3 a5 23. Qc2 Qc4 24. Qb1 a4 25. Bd2 Qc6 26. Qc1 Qc4 27. Qb1 e4
28. Rfe1 f5 29. Ne2 Qc5 30. Kg2 Qc6 31. Kg1 Be5 32. Qc1 Qb6 33. Kg2 Rc8 34. Bg5
Nb4 35. Qd2 Nd3 36. Rf1 Qxb2 37. Qxb2 Nxb2 38. Rb1 a3 39. Be7 Rf7 40. Bxa3 Nc4
41. Bc1 Rd7 42. Rb5 Bg7 43. Bf4 Ra8 44. Rb4 Nd2 45. Ra1 Nf3 46. a4 Bf8 47. Rb5
Bg7 48. Rb4 Rc8 49. Rc1 Rc6 50. g4 g5 51. Be3 f4 52. Bb6 Rd2 53. Ng1 Nh4+ 54.
Kf1 f3 55. Be3 Rd5 56. Rxe4 Bxc3 57. Rb1 h6 58. Re7 b6 59. Re4 Rcd6 60. Nxf3
Nxf3 61. Kg2 Nd2 62. Bxd2 Rxd2 63. Re7 Rf6 64. Rc1 Rfxf2+ 65. Kh1 Rh2+ 0-1

[Event "Grand Pacific op"]
[Site "Victoria CAN"]
[Date "2014.04.20"]
[Round "4.1"]
[White "Cao, Jason"]
[Black "Berry, Jonathan"]
[Result "1/2-1/2"]
[WhiteElo "2302"]
[BlackElo "2297"]
[PlyCount "68"]
[EventDate "2014.04.18"]
[EventType "swiss"]
[EventRounds "6"]
[EventCountry "CAN"]

1. e4 e5 2. Nf3 Nc6 3. Bb5 g6 4. O-O Bg7 5. c3 a6 6. Ba4 d6 7. d4 Bd7 8. Be3
Nf6 9. d5 Ne7 10. Bxd7+ Qxd7 11. Qd3 Ng4 12. Bd2 f5 13. Ng5 fxe4 14. Nxe4 Nf6
15. c4 Nxe4 16. Qxe4 O-O 17. Nc3 Nf5 18. Qd3 Bh6 19. Bxh6 Nxh6 20. Ne4 Nf5 21.
f4 Qe7 22. Rae1 exf4 23. Rxf4 Qe5 24. Rf2 Kg7 25. Rfe2 Nd4 26. Rd2 Nf5 27. Ree2
Kg8 28. Ng5 Qf4 29. Nf3 Nh4 30. Rf2 Rae8 31. Rde2 Rxe2 32. Qxe2 Nxf3+ 33. Rxf3
Qd4+ 34. Kf1 Rxf3+ 1/2-1/2

[Event "Grand Pacific op"]
[Site "Victoria CAN"]
[Date "2014.04.20"]
[Round "4.2"]
[White "Yoos, John"]
[Black "Lessler, Peter"]
[Result "0-1"]
[WhiteElo "2394"]
[BlackElo "2216"]
[PlyCount "46"]
[EventDate "2014.04.18"]
[EventType "swiss"]
[EventRounds "6"]
[EventCountry "CAN"]

1. e4 e5 2. f4 d5 3. exd5 exf4 4. Bc4 Qh4+ 5. Kf1 Bd6 6. Nf3 Qh6 7. Nc3 Ne7 8.
Ne4 O-O 9. d4 Bf5 10. Nf2 Nd7 11. g4 Bxg4 12. Nxg4 Qh3+ 13. Kf2 Qxg4 14. Rg1
Qh3 15. Bf1 Qh6 16. c4 Nf5 17. Qd3 Nh4 18. Ng5 Rfe8 19. Qh3 Nc5 20. b4 Ne4+ 21.
Nxe4 Rxe4 22. Bd3 Rxd4 23. Bd2 Ng6 0-1

[Event "Grand Pacific op"]
[Site "Victoria CAN"]
[Date "2014.04.20"]
[Round "4.3"]
[White "Wu, Howard"]
[Black "Sohal, Tanraj"]
[Result "1-0"]
[WhiteElo "2235"]
[BlackElo "2355"]
[PlyCount "103"]
[EventDate "2014.04.18"]
[EventType "swiss"]
[EventRounds "6"]
[EventCountry "CAN"]

1. e4 e6 2. d4 d5 3. Nd2 h6 4. Bd3 c5 5. exd5 Qxd5 6. Ngf3 cxd4 7. O-O Nc6 8.
Be4 Qd8 9. Nb3 Nf6 10. Bxc6+ bxc6 11. Nfxd4 Bb7 12. Qe2 Be7 13. Re1 Kf8 14. Bf4
c5 15. Nf3 g6 16. Rad1 Qb6 17. Ne5 Kg7 18. Nc4 Qc6 19. f3 Rad8 20. Nba5 Qa6 21.
Nxb7 Qxb7 22. Be5 Rd5 23. Bc3 Rhd8 24. Ne3 Rxd1 25. Rxd1 Rxd1+ 26. Qxd1 Kh7 27.
Qd3 Nd5 28. Qe4 Qd7 29. Qd3 Qb7 30. Qe4 Qd7 31. Nxd5 exd5 32. Qe5 d4 33. Bd2
Bf8 34. Qe4 Bg7 35. b3 f5 36. Qd3 Qd5 37. Kf1 Qe5 38. g3 g5 39. g4 Kg6 40. h3
Qe6 41. a4 Bf6 42. gxf5+ Qxf5 43. Ke2 Qxd3+ 44. Kxd3 Kf5 45. Kc4 Be7 46. Kd5 a5
47. Bxa5 Kf4 48. Bc7+ Kxf3 49. a5 h5 50. a6 g4 51. hxg4 hxg4 52. a7 1-0

[Event "Grand Pacific op"]
[Site "Victoria CAN"]
[Date "2014.04.20"]
[Round "4.4"]
[White "Rohonyan, Katerina"]
[Black "Nguyen, Kim"]
[Result "1/2-1/2"]
[WhiteElo "2351"]
[BlackElo "2231"]
[PlyCount "86"]
[EventDate "2014.04.18"]
[EventType "swiss"]
[EventRounds "6"]
[EventCountry "CAN"]

1. e4 c5 2. Nf3 d6 3. d4 cxd4 4. Nxd4 Nf6 5. Nc3 a6 6. Bg5 e6 7. f4 Qb6 8. Nb3
Nbd7 9. Qf3 Qc7 10. Bd3 b5 11. a3 Be7 12. O-O h6 13. Bh4 g5 14. Bg3 gxf4 15.
Bxf4 Bb7 16. Kh1 Ne5 17. Bxe5 dxe5 18. a4 b4 19. Nd1 Rh7 20. Ne3 h5 21. a5 h4
22. Ng4 Nh5 23. Nf2 O-O-O 24. Nh3 Rg8 25. Rf2 Bc5 26. Nxc5 Qxc5 27. Qe2 Ng3+
28. hxg3 hxg3 29. Rf6 Rxh3+ 30. gxh3 g2+ 31. Qxg2 Rxg2 32. Kxg2 Qe3 33. Raf1
Bxe4+ 34. Bxe4 Qxe4+ 35. Kg3 Qxc2 36. Rxf7 Qg6+ 37. Kh2 e4 38. Ra7 Qh6 39. Rff7
Qd2+ 40. Kg3 Qg5+ 41. Kf2 Qd2+ 42. Kg1 Qc1+ 43. Kg2 Qg5+ 1/2-1/2

[Event "Grand Pacific op"]
[Site "Victoria CAN"]
[Date "2014.04.20"]
[Round "4.5"]
[White "Patterson, Roger"]
[Black "Villavieja, Butch"]
[Result "0-1"]
[WhiteElo "2108"]
[BlackElo "2236"]
[PlyCount "99"]
[EventDate "2014.04.18"]
[EventType "swiss"]
[EventRounds "6"]
[EventCountry "CAN"]

1. c4 g6 2. Nc3 Bg7 3. g3 Nf6 4. Bg2 O-O 5. Nf3 d6 6. d4 Nc6 7. O-O a6 8. h3
Rb8 9. Be3 Na5 10. Qa4 c6 11. c5 b5 12. cxb6 Qxb6 13. Nd2 Bd7 14. Rac1 Rfc8 15.
b3 Qd8 16. b4 Nb7 17. Qxa6 Ra8 18. Qd3 Bf5 19. Qc4 Be6 20. Qd3 d5 21. Qc2 Qd7
22. Kh2 Ra3 23. Qb2 Rca8 24. Ndb1 R3a7 25. a4 Nd6 26. Nd2 h5 27. a5 Rb8 28. Qa3
h4 29. Na4 hxg3+ 30. fxg3 Nf5 31. Nc5 Qc8 32. Bf4 Nxd4 33. Bxb8 Qxb8 34. Nxe6
fxe6 35. e3 Ne2 36. e4 Nh5 37. Rf3 Nhxg3 38. Rxg3 Nxg3 39. Rxc6 Nxe4+ 40. Kh1
Nxd2 41. Qe3 Ne4 42. Bxe4 dxe4 43. Qxe4 Qg3 44. Qxe6+ Kh7 45. a6 Ra8 46. Qg4
Qe1+ 47. Kg2 Qd2+ 48. Kh1 Re8 49. Qh4+ Kg8 50. Rxg6 0-1

[Event "Grand Pacific op"]
[Site "Victoria CAN"]
[Date "2014.04.20"]
[Round "4.6"]
[White "Wu, Ruining (Ray)"]
[Black "Sasata, Robert"]
[Result "0-1"]
[WhiteElo "2050"]
[BlackElo "2385"]
[PlyCount "116"]
[EventDate "2014.04.18"]
[EventType "swiss"]
[EventRounds "6"]
[EventCountry "CAN"]

1. d4 Nf6 2. c4 g6 3. g3 Bg7 4. Bg2 O-O 5. Nc3 d6 6. Nf3 Nbd7 7. O-O e5 8. e4
exd4 9. Nxd4 Re8 10. Re1 c6 11. b3 Nc5 12. Bb2 a5 13. Qc2 Qb6 14. Rab1 Ng4 15.
Rbd1 a4 16. Nxa4 Nxa4 17. bxa4 Qb4 18. Nb3 Rxa4 19. Bxg7 Kxg7 20. c5 d5 21. Re2
dxe4 22. Rd4 Qa3 23. Rdxe4 Rexe4 24. Bxe4 Be6 25. Qc3+ Nf6 26. Bd3 h5 27. h4
Rb4 28. Re4 Rxe4 29. Bxe4 Qxa2 30. Nd2 Kf8 31. Qxf6 Qxd2 32. Qe5 Qe1+ 33. Kg2
Qxe4+ 34. Qxe4 Bd5 35. Kf3 Bxe4+ 36. Kxe4 Ke7 37. Ke5 f6+ 38. Kd4 Ke6 39. Ke4
Kd7 40. f4 Ke6 41. f5+ gxf5+ 42. Kf4 Kd5 43. Kxf5 Kxc5 44. g4 hxg4 45. h5 g3
46. h6 g2 47. h7 g1=Q 48. h8=Q Qd4 49. Qa8 Qe5+ 50. Kg4 b5 51. Qa7+ Kb4 52. Qa8
c5 53. Kf3 f5 54. Kf2 f4 55. Qf8 Qe3+ 56. Kf1 f3 57. Qg7 Qe2+ 58. Kg1 f2+ 0-1

[Event "Grand Pacific op"]
[Site "Victoria CAN"]
[Date "2014.04.20"]
[Round "4.8"]
[White "Kostadinov, Georgi"]
[Black "Burrows, Zachary"]
[Result "1-0"]
[WhiteElo "2231"]
[BlackElo "2065"]
[PlyCount "67"]
[EventDate "2014.04.18"]
[EventType "swiss"]
[EventRounds "6"]
[EventCountry "CAN"]

1. d4 Nf6 2. c4 c5 3. d5 Ne4 4. Qc2 Qa5+ 5. Nd2 f5 6. f3 Nd6 7. e4 fxe4 8. fxe4
g6 9. b4 cxb4 10. Nb3 Qc7 11. Bb2 Rg8 12. Nf3 a5 13. Nbd4 Qc5 14. e5 Nf7 15.
Bd3 Bh6 16. Qe2 e6 17. Nb5 Na6 18. Bd4 Qe7 19. O-O d6 20. Rae1 Bd7 21. dxe6
Qxe6 22. exd6 Qxe2 23. Rxe2+ Kd8 24. Bb6+ Kc8 25. Re7 Nd8 26. Ne5 Nc6 27. Nxc6
bxc6 28. Rff7 Nb8 29. Na7+ Kb7 30. c5 Rf8 31. Rxd7+ Nxd7 32. Rxd7+ Kb8 33.
Nxc6+ Kc8 34. Rc7# 1-0

[Event "Grand Pacific op"]
[Site "Victoria CAN"]
[Date "2014.04.20"]
[Round "4.10"]
[White "Kagaoan, Jose"]
[Black "Kenney, Jason"]
[Result "1-0"]
[WhiteElo "2003"]
[BlackElo "2189"]
[PlyCount "35"]
[EventDate "2014.04.18"]
[EventType "swiss"]
[EventRounds "6"]
[EventCountry "CAN"]

1. f4 c5 2. Nf3 Nc6 3. e3 g6 4. d4 d5 5. c3 cxd4 6. exd4 Bg4 7. Nbd2 e6 8. h3
Bf5 9. g4 Be4 10. Nxe4 dxe4 11. Ng5 h6 12. Nxe4 Qh4+ 13. Nf2 O-O-O 14. Qf3 Bd6
15. Bg2 Qe7 16. O-O f6 17. Re1 g5 18. d5 1-0

[Event "Grand Pacific op"]
[Site "Victoria CAN"]
[Date "2014.04.20"]
[Round "5.2"]
[White "Berry, Jonathan"]
[Black "Wu, Howard"]
[Result "1-0"]
[WhiteElo "2302"]
[BlackElo "2236"]
[PlyCount "69"]
[EventDate "2014.04.18"]
[EventType "swiss"]
[EventRounds "6"]
[EventCountry "CAN"]

1. Nf3 c5 2. g3 Nf6 3. Bg2 g6 4. d4 cxd4 5. Nxd4 Bg7 6. O-O O-O 7. c4 Nc6 8.
Nc3 Nxd4 9. Qxd4 d6 10. Rd1 Be6 11. Qh4 Rc8 12. Nd5 Bxd5 13. cxd5 Rc2 14. Qa4
Qc7 15. Qxa7 Nd7 16. Qe3 Nb6 17. Qb3 Rxe2 18. Bf1 Rc2 19. Bd3 Rc8 20. Bxc2 Qxc2
21. Be3 Qxb3 22. axb3 Nd7 23. Ra7 Rb8 24. Rd2 Nc5 25. b4 Na6 26. b5 Nc7 27. b6
Na6 28. Rc2 f5 29. Rc7 Nxc7 30. bxc7 Rc8 31. Rxb7 Kf7 32. b4 e6 33. b5 exd5 34.
b6 Ke7 35. Ra7 1-0

[Event "Grand Pacific op"]
[Site "Victoria CAN"]
[Date "2014.04.20"]
[Round "5.3"]
[White "Villavieja, Butch"]
[Black "Rohonyan, Katerina"]
[Result "1-0"]
[WhiteElo "2236"]
[BlackElo "2351"]
[PlyCount "79"]
[EventDate "2014.04.18"]
[EventType "swiss"]
[EventRounds "6"]
[EventCountry "CAN"]

1. e4 c5 2. Nf3 Nc6 3. Bb5 g6 4. Bxc6 dxc6 5. h3 Bg7 6. d3 b6 7. Nc3 Nf6 8. Be3
O-O 9. Qd2 e5 10. Bh6 Qd6 11. g4 a5 12. O-O-O a4 13. Bxg7 Kxg7 14. Qg5 Re8 15.
Ne2 Qe6 16. Kb1 c4 17. Nh4 cxd3 18. cxd3 Ng8 19. Rhg1 Qf6 20. Nf5+ Bxf5 21.
gxf5 Qxg5 22. Rxg5 Rad8 23. Rgg1 Nf6 24. f3 Rd6 25. Kc2 Red8 26. f4 Nd7 27. d4
exd4 28. Rxd4 Rxd4 29. Nxd4 Nf6 30. Rd1 Kh6 31. fxg6 hxg6 32. Nf5+ gxf5 33.
Rxd8 fxe4 34. Rd6 Kg6 35. Rxc6 Kf5 36. Rxb6 Nd5 37. Rb5 Ke6 38. Rxd5 Kxd5 39.
Kd2 Kd4 40. h4 1-0

[Event "Grand Pacific op"]
[Site "Victoria CAN"]
[Date "2014.04.20"]
[Round "5.4"]
[White "Sasata, Robert"]
[Black "Doknjas, John"]
[Result "1/2-1/2"]
[WhiteElo "2385"]
[BlackElo "2127"]
[PlyCount "99"]
[EventDate "2014.04.18"]
[EventType "swiss"]
[EventRounds "6"]
[EventCountry "CAN"]

1. Nf3 Nf6 2. b3 g6 3. Bb2 Bg7 4. e3 O-O 5. Be2 d5 6. c4 c5 7. cxd5 Nxd5 8.
Bxg7 Kxg7 9. Qc1 Qd6 10. O-O Nc6 11. d3 Qf6 12. Nbd2 Nc3 13. Re1 Nxe2+ 14. Rxe2
b6 15. Ne4 Qf5 16. Qc3+ f6 17. Rd2 Bb7 18. Ng3 Qd5 19. e4 Qd6 20. d4 cxd4 21.
Nxd4 Nxd4 22. Qxd4 Qxd4 23. Rxd4 Rfd8 24. Rad1 Rxd4 25. Rxd4 Kf7 26. f3 Ke8 27.
Kf2 e5 28. Rd2 Rd8 29. Rc2 Rc8 30. Rd2 Rd8 31. Rc2 Rc8 32. Rxc8+ Bxc8 33. Ne2
Bb7 34. Nc3 Ke7 35. Ke3 Ke6 36. h4 h6 37. g3 Bc6 38. b4 Kd6 39. a3 Ke6 40. Kd3
Kd6 41. Kc4 f5 42. Kd3 Ke6 43. Ke3 fxe4 44. fxe4 b5 45. Nd1 h5 46. Nf2 Kf6 47.
Nd3 Ke6 48. Nf2 Kf6 49. Nh3 Bd7 50. Nf2 1/2-1/2

[Event "Grand Pacific op"]
[Site "Victoria CAN"]
[Date "2014.04.20"]
[Round "5.5"]
[White "Nguyen, Kim"]
[Black "Chan, James"]
[Result "1-0"]
[WhiteElo "2231"]
[BlackElo "2080"]
[PlyCount "65"]
[EventDate "2014.04.18"]
[EventType "swiss"]
[EventRounds "6"]
[EventCountry "CAN"]

1. e4 c5 2. Nf3 d6 3. d4 cxd4 4. Nxd4 Nf6 5. Nc3 a6 6. Bc4 e6 7. O-O Be7 8. Bb3
O-O 9. f4 b5 10. f5 e5 11. Nde2 Bb7 12. Ng3 Nbd7 13. Bg5 Rc8 14. Bxf6 Nxf6 15.
Nd5 Bxd5 16. Bxd5 Qb6+ 17. Kh1 Rc5 18. b4 Rc3 19. Rf3 Rfc8 20. Rxc3 Rxc3 21.
Bb3 Qe3 22. Qe1 Qd4 23. Ne2 Re3 24. Nxd4 Rxe1+ 25. Rxe1 exd4 26. Bd5 Ne8 27. a4
Bf6 28. axb5 axb5 29. Ra1 d3 30. Ra8 Kf8 31. Bc6 Bd8 32. Rxd8 Ke7 33. Rxe8+ 1-0

[Event "Grand Pacific op"]
[Site "Victoria CAN"]
[Date "2014.04.20"]
[Round "5.6"]
[White "Murray, Michael"]
[Black "Kostadinov, Georgi"]
[Result "0-1"]
[WhiteElo "1995"]
[BlackElo "2223"]
[PlyCount "72"]
[EventDate "2014.04.18"]
[EventType "swiss"]
[EventRounds "6"]
[EventCountry "CAN"]

1. e4 c5 2. Nc3 Nc6 3. g3 g6 4. d3 Bg7 5. Bg2 d6 6. Nge2 e6 7. f4 Nge7 8. O-O
O-O 9. g4 f5 10. gxf5 gxf5 11. Ng3 Nd4 12. Nce2 Rb8 13. c3 Nxe2+ 14. Qxe2 b5
15. Kh1 b4 16. c4 Nc6 17. Be3 Nd4 18. Bxd4 Bxd4 19. exf5 exf5 20. Rae1 Bd7 21.
Bd5+ Kh8 22. Qg2 Qh4 23. Re2 b3 24. a3 Rbe8 25. Rfe1 Qd8 26. Nh5 Rxe2 27. Rxe2
Re8 28. Ng3 Rxe2 29. Qxe2 Qe8 30. Qd1 Qe3 31. Ne2 Bxb2 32. Qxb3 Qxe2 33. Qb8+
Be8 34. h3 Bd4 35. Bg2 Qe1+ 36. Kh2 Bg1+ 0-1